ìEsa Boba Chica Niceî : cuerpos moldeados, mujeres sometidas /

El título de este escrito puede resultar agresivo, impertinente y hasta descalificador, por ello creo que lo primero que debo aclarar es que lo único que pretendo es llamar la atención sobre una problemática que es cada vez más evidente en nuestro contexto, me refiero a ese ideal de belleza femenina...

Full description

Bibliographic Details
Main Author: Walder, Paula
Format: Analitica de revista
Language:Spanish
Published: Santiago, Chile Universidad Bolivariana 2005
Subjects:
Online Access:Acceso electrónico al documento

MARC

LEADER 00000cab a2200000 a 4500
001 037244
003 UAHC_CL
005 20180801155452.0
008 091021b2004 cl 000 spa
952 |0 0  |1 0  |4 0  |6 POLIS_11_05_000000000000000  |7 0  |8 General  |9 71164  |a BC  |b BC  |c General  |d 2017-08-03  |l 0  |o POLIS-11/05  |p FICTICIO5310  |r 2019-01-08 00:00:00  |t 1  |w 2017-08-03  |y REVA 
999 |c 37244  |d 37244 
040 |a UAHC_CL  |c UAHC_CL  |d UAHC_CL 
100 1 |a Walder, Paula 
245 1 0 |a ìEsa Boba Chica Niceî :  |b cuerpos moldeados, mujeres sometidas /  |c Diana Britto. 
260 |b Universidad Bolivariana  |a Santiago, Chile  |c 2005 
300 |a p. 21-30 
500 |a En: Polis. Revista de la Universidad Bolivariana. Vol. 4, no. 11, 2005. pp. 21-30. ISSN: 0717-6554. 
520 |a El título de este escrito puede resultar agresivo, impertinente y hasta descalificador, por ello creo que lo primero que debo aclarar es que lo único que pretendo es llamar la atención sobre una problemática que es cada vez más evidente en nuestro contexto, me refiero a ese ideal de belleza femenina parametrizado que debe ser alcanzado aún con el alto costo de la vida misma, como lo demuestran datos estadísticos e informes periodísticos que hablan sobre la mortalidad relacionada con intervenciones quirúrgicas estéticas y la morbilidad relacionada con trastornos de la alimentación. 
650 4 |a MUJER 
650 4 |a BELLEZA 
773 0 |t Polis : Revista de la Universidad Bolivariana.  |w 037122 
856 |u http://www.revistapolis.cl/polis%20final/11/britt.htm  |y Acceso electrónico al documento 
900 |a POLIS-11/05 
942 |c REVA  |2 ddc